000 02246cam a2200193 4500500
005 20260208003244.0
041 _afre
042 _adc
100 1 0 _aRobelet, Magali
_eauthor
700 1 0 _aSerré, Marina
_eauthor
700 1 0 _aBourgueil, Yann
_eauthor
245 0 0 _aLa coordination dans les réseaux de santé : entre logiques gestionnaires et dynamiques professionnelles
260 _c2005.
500 _a79
520 _aRésuméCet article cherche à renouveler l’analyse des dynamiques professionnelles dans le champ de la santé en appréhendant celles-ci dans leurs interactions avec les logiques portées par les acteurs gestionnaires (au sens de financeurs et/ou régulateurs). Ces interactions y sont abordées à travers la question de la coordination dans les réseaux de santé et, plus précisément, celle de l’injonction à mettre en place un mode particulier de coordination : une coordination formalisée. Trois points sont développés pour aborder cette question :la définition à un niveau national d’un cadre politique et institutionnel à la coordination ;l’impact des impératifs gestionnaires sur les mises en forme de la coordination observées sur nos terrains d’étude ;et le marché du travail et les carrières émergeant autour de la coordination.
520 _aThis article proposes to renew analysis of professional dynamics in the health field by considering them in terms of their interaction with the logics promoted by regulatory (insurance funds and/or state) bodies. Interaction is addressed by looking at the issue of coordination in health networks with specific reference to the call to implement the specific model of formalized coordination. Three points are covered in relation to these issues:the national definition of an institutional and political framework for coordination;the impact of managerial requirements on the forms of coordination observable in the field;along with the job market and careers that are emerging in relation to coordination.
786 0 _nRevue française des affaires sociales | - | 1 | 2005-03-01 | p. 231-260 | 0035-2985
856 4 1 _uhttps://shs.cairn.info/revue-francaise-des-affaires-sociales-2005-1-page-231?lang=fr&redirect-ssocas=7080
999 _c1647469
_d1647469